000
00338 a2200157 4500
001
57912
020
_a
9785808116973
040
_c
Anchieta - Pituba
100
_a
Brezina, Thomas
240
1
0
_a
A noite dos ninjas
_l
por
245
1
0
_a
A noite dos ninjas
300
_a
87
362
0
_a
2008
650
4
_a
Literatura juvenil
942
_c
BK
999
_c
57912
_d
57912